Statistics for Top 20 MLB pitchers of all time

Click here to take the quiz!

General Stats

  • This quiz has been taken 69 times
  • The average score is 14 of 20

Answer Stats

RankTeamPitcher% Correct
1BravesGreg Maddux
95%
6DiamondbacksRandy Johnson
92%
5AstrosNolan Ryan
91%
3SenatorsWalter Johnson
91%
7Red SoxRoger Clemens
89%
4CardinalsBob Gibson
86%
2SpidersCy Young
86%
8Red SoxPedro Martinez
81%
20DodgersSandy Koufax
81%
19MetsTom Seaver
75%
12YankeesWhitey Ford
70%
13OriolesJim Palmer
67%
15PhilliesSteve Carlton
66%
14IndiansBob Feller
61%
9GiantsChristy Mathewson
59%
11BravesWarren Spahn
59%
16AthleticsCatfish Hunter
52%
10AthleticsLefty Grove
42%
17CubsGrover Cleveland Alexander
33%
18GiantsCarl Hubbell
23%

Score Distribution

Percentile by Number Answered

Percent of People with Each Score

Your Score History

You have not taken this quiz